MDQL
is popping MORE tags! Check the
thread
!
Quizzes
Events
Quiz Creation
Community
Videos
Private Events
Remove Ads
Sign In
Join for FREE
Feedback
Dark Mode
Quiz Categories
Sports
Geography
Music
Movies
Television
Just For Fun
Miscellaneous
History
Literature
Language
Science
Gaming
Entertainment
Religion
Holiday
For Kids
Quiz Lab
Recent
Popular Today
Quiz Kudos Today
Editor Picks
Curator Picks
Quizzes by...
Day
Popularity
Type
Ratings
Length
Year
Community
Subscriptions
Recent Discussions
Orange Saloon
Badges
Playlists
Quests
Create
Leaderboards
Showdown
Live 5
Trivia Bingo
Activity
Puzzle Library
Sporcle Events
Private Events
Virtual Trivia
Globe League
Become a Host
Pub Owners
SporcleCon
Opinionation
Our Games
Videos
Blog
Mobile Apps
Partnerships
Remove Ads and Go Orange
Feedback
Sports
Athletes
MLB
NBA
NHL
NFL
Soccer
Sports Teams
WWE
NCAA
Football
Premier League
Basketball
Baseball
Hockey
Golf
Tennis
Cricket
Rugby
Auto Racing
Olympics
World Cup
Sports
Athletes
MLB
NBA
NHL
NFL
Soccer
Sports Teams
WWE
NCAA
Football
Premier League
Basketball
Baseball
Hockey
Golf
Tennis
Cricket
Rugby
Auto Racing
Olympics
World Cup
Random Quiz
Search Sporcle
×
Quiz Lab
Quiz Lab
Sports
Famous
Type answers based on single images at one time
Type answers based on single images at one time
Slideshow
Best Score? Go Orange.
Tottenham Hotspur famous players by photo (Slideshow) Stats
Can you name the Tottenham Hotspur famous players by photo (Slideshow)?
By
carles_puyol
15m
50 Questions
1,081 Plays
1,081 Plays
1,081 Plays
Comments
Comments
Give Quiz Kudos
Give Quiz Kudos
-
- Ratings
hide this ad
Replay
Link that replays current quiz
Next Quiz
Link to next quiz in quiz playlist
You Got
0%
They Got
Avg Score
74%
Avg Friend Score
Upgrade to see
Score Distribution
Jump to the score distribution portion of the page
Score
0/50
Timer
15:00
0
Plays Today
% Correct
Harry Kane
96.9%
Gareth Bale
96.4%
Luka Modrić
96.3%
Jermain Defoe
94.1%
Hugo Lloris
94%
Sol Campbell
93.5%
Christian Eriksen
93.2%
Jan Vertonghen
93.2%
Dimitar Berbatov
93.1%
Emmanuel Adebayor
90.8%
Robbie Keane
90.7%
Aaron Lennon
89.9%
Rafael van der Vaart
88.5%
Kyle Walker
88.3%
Jürgen Klinsmann
87.7%
Ledley King
87.3%
Moussa Dembélé
85.8%
Tom Huddlestone
84.4%
Gary Lineker
84.3%
Michael Dawson
83.7%
Gustavo Poyet
83.2%
Paul Robinson
82.5%
David Ginola
82.3%
Teddy Sheringham
82.3%
Jermaine Jenas
82.1%
% Correct
Paul Gascoigne
81.1%
Benoît Assou-Ekotto
79.5%
Tim Sherwood
78.2%
Younès Kaboul
77.8%
Les Ferdinand
75.7%
Glenn Hoddle
75.2%
Roman Pavlyuchenko
73%
Osvaldo Ardiles
72.6%
Darren Anderton
71%
Stephen Carr
68.8%
Pat Jennings
66.5%
Jimmy Greaves
65.5%
Ian Walker
64.2%
Chris Waddle
60.9%
Steffen Iversen
60%
Gary Mabbutt
58.9%
Chris Armstrong
52.2%
Ray Clemence
48.9%
Chris Hughton
48.3%
Steve Archibald
42.8%
Mauricio Taricco
42.6%
Erik Thorstvedt
42.2%
Danny Blanchflower
39.8%
Martin Chivers
37.5%
Martin Peters
37.2%
Quiz Playlist
Details
Report
Send in Message
Add To Playlist
Slideshow:
Type answers based on single images at one time
Last Updated: Oct 9, 2019
Quiz Scoreboard
CHALLENGE
Sign Up to Join the Scoreboard
Show All
Scores
Hide
Comments
May contain spoilers
Recently Published
Find the 'City' Movie
by crazypaving
Movies
60s
5x2 Blitz: Bands
by SL_Kpop136
Music
30s
Colored Red Africa Blitz
by spor1
Geography
30s
More to Explore
Quiz From the Vault
Featured Blog Post
14 Easter Pick-up Lines to Find Eggs With
hide this ad
You Might Also Like...
Tags
Famous Quiz
Player
Slideshow
Tottenham Hotspur
Today's Top Quizzes in Sports
Browse Sports
hide this ad
Today's Top Quizzes in Famous
Browse Famous
Top Contributed Quizzes in Sports
1
Players with Multiple 50 Home Run Seasons
2
Les entraîneurs de l'OM et du PSG au 21e siècle
3
Criteria MLB: Left Handed Sluggers
4
2022 World Cup Stars
5
Les meilleurs buteurs des matchs entre le PSG et l’OM
6
Who Hit More Homers?
7
Les joueurs passés par le PSG et l'OM
8
NBA Logic Puzzle 2.0
9
Top 10 NHL Goal Scorers of All Time
10
MLB Players with Two .350 Batting Average Seasons
Explore More
Trending Topics
Marvel
Crossword
Disney
NBA
Anime
Harry Potter
Kpop
NFL
WWE
Pokémon
Soccer
Puzzle
Song
The Office
Country
hide this ad
More By:
carles_puyol
Quiz
Plays
Rating
Category
Featured
Created
Juventus XIs: since 1996/97 season
16,952
4.54
Sports
May 13, 2012
FC Barcelona XIs: since 1996/97 season
15,158
4.40
Sports
May 6, 2012
Real Madrid XIs: since 1996/97 season
13,597
4.65
Sports
May 6, 2012
AC Milan XIs: since 1996/97 season
12,721
4.29
Sports
May 8, 2012
Inter Milan XIs: since 1996/97 season
11,884
4.61
Sports
May 10, 2012
Go to Creator's Profile
Score Distribution
Quiz Creator Spotlight
carles_puyol
Follow
Send a Message
Quizzes Created
-
Created Quiz Play Count
-
More By This Creator
Popular Quizzes Today
1
Colored Red Africa Blitz
2
Find the 'City' Movie
3
Find the US States - No Outlines Minefield
4
5x2 Blitz: Bands
5
The Countries of the World
6
Find the US States
7
US States
8
9x9 Crossword: Cartoon Network
More Sports Quizzes
MLB players with most games with 1 rbi , in a season
Quiz Lab
Trending Quizzes
Colored Red Europe Blitz I
Colored Red Europe Blitz II
Colored Red Africa Blitz II
Colored Red Europe Blitz III
Colored Red Africa Blitz III
Recently Updated
Godzilla Movies
pecheneg
Grab Bag: 4-10 Letters
pecheneg
2024 March Madness Bracket
pecheneg
Famous TV Couples
Peacemaker
Champions League XIs: Real Madrid
pecheneg
Largest US Cities 1790-2010
pecheneg
Rides in Walt Disney World
pecheneg
Most Oscar Losses (Acting)
pecheneg
Beyoncé Albums
pecheneg
Leaping Animals
pecheneg
Trending Topics
Disney
Crossword
Harry Potter
Marvel
Kpop
NBA
Anime
Country
WWE
Song
Soccer
NFL
Puzzle
Pokémon
The Office
Your Account Isn't Verified!
In order to create a playlist on Sporcle, you need to verify the email address you used during registration. Go to your
Sporcle Settings
to finish the process.
Report this User
Report this user for behavior that violates our
Community Guidelines
.
Details:
Send Report
Go to the Sporcle.com Mobile Site →
Comments